| 000 | 00358cam a22001217a 4500 | ||
|---|---|---|---|
| 008 | 180718b1965 xxu||||| |||| 00| 0 eng d | ||
| 082 | _aB11 H87 | ||
| 245 |
_aMan and politics _cedited by Walter Leifer |
||
| 260 |
_a _bMax Hueber Verlag Munchen _c1965 |
||
| 440 | _aGerman opinion on problems of today | ||
| 650 | _aPolitical science | ||
| 700 | _aLeifer, Walter | ||
| 999 |
_c493013 _d493013 |
||